00593nam a22001817a 4500003000900000008004100009020002200050040007100072082002500143100001700168245005100185260004400236300003500280650002500315650001900340650001300359700003900372AR-CdUCM190327b ||||| |||| 00| 0 spa d a978-607-735-732-2 aMUNICIPALIDAD PROVINCIAL DEL CUSCOcBIBLIOTECA MUNICIPAL DEL CUSCO aPI-0027 /bBRO / mae aBrown, Peter a¡Mi maestra es un monstruo! :bno es cierto / aBarcelona :bOcéano Travesía,c2016 bilustraciones a color,c28 cm. aHistorieta infantil aLibro infantil aSiglo XX aPérez, Luis Bernardo (Traductor)